|
|
|
|
| LEADER |
00000cam a2200000 7i4500 |
| 001 |
0000099067 |
| 005 |
20201221093000.0 |
| 008 |
200812s2017 nyu eng |
| 020 |
|
|
|a 9781138650602
|
| 040 |
|
|
|a UniSZA
|e rda
|
| 050 |
0 |
0 |
|a S494.5.C6
|b E37 2017
|
| 090 |
0 |
0 |
|a S494.5.C6
|b E37 2017
|
| 100 |
1 |
|
|a Eise, Jessica ,
|e author
|
| 245 |
1 |
0 |
|a The communication scarcity in agriculture
|c Jessica Eise, Whitney Hodde
|
| 264 |
|
1 |
|a New York :
|b Routledge
|c 2017
|
| 300 |
|
|
|a xviii, 139 pages ;
|c 21 cm.
|
| 336 |
|
|
|a text
|2 rdacontent
|
| 337 |
|
|
|a unmediated
|2 rdamedia
|
| 338 |
|
|
|a volume
|2 rdacarrier
|
| 504 |
|
|
|a Includes bibliographical references
|
| 505 |
0 |
|
|a 1. The reality -- 2. The nuances -- 3. A reorientation
|
| 650 |
|
0 |
|a Communication in agriculture
|
| 700 |
1 |
|
|a Hodde, Whitney ,
|e author
|
| 999 |
|
|
|a 1000180338
|b Book
|c Open Shelf (1 Day)
|e Tembila Campus
|